000 00495nam a2200181Ia 4500
005 20250326141911.0
008 250326s9999 xx 000 0 und d
037 _aTextbook
040 _aFMSL
_beng
_cFMSL
041 _aeng
_2eng
084 _qFMSL
100 _aPearce C G
_9745239
245 0 _aBusiness communication principles and applications
_cPearce C G
260 _aNew York
_bNew York, Johan Wiley & Sons
_c1988
300 _a772p
942 _cTB
999 _c1292514
_d1292514